Spell the Marvel Hero #27 - Statistics

General Stats
  • This quiz has been taken 19 times
  • The average score is 7 of 9
Answer Stats
Picture Answer % Correct
Iron Man
100%
Scarlet Witch
100%
Thor (Jane Foster)
100%
Gambit
88%
Rogue
75%
Aero
69%
Stingray
69%
Yelena Belova
69%
Nightmask
50%
No matching quizzes found
Score Distribution
Percent of People with Each Score
Percentile by Number Answered
Your Score History
You have not taken this quiz